| 000 | 00701nam a2200181Ia 4500 | ||
|---|---|---|---|
| 008 | 100921s9999 xx 000 0 und d | ||
| 082 |
_b39392 _a174 न 05 |
||
| 100 | _aभुर्के श्याम. | ||
| 245 | _aमंत्र श्रीमंतीचा. | ||
| 260 |
_bमेहता प्रकाशन, पुणे. _c2005 |
||
| 300 |
_a187 _bसाहित्यसेवा |
||
| 365 | _b130 | ||
| 520 | _aनीतिशास्त्र-यश-नेकी. | ||
| 630 | _aमंत्र श्रीमंतीचा. | ||
| 650 | _aनीतिशास्त्र-यश-नेकी. | ||
| 730 | _aमंत्र श्रीमंतीचा. | ||
| 942 | _cBOOK | ||
| 999 |
_c788505 _d788502 |
||